000 00261nam a22001097a 4500
008 170120b xxu||||| |||| 00| 0 eng d
020 _a9781416040712
041 _aeng
080 _23RD
_a618.2
245 _aFUNDAMENTALS OF NURSING
_cHARKEADERM H
942 _2udc
_cBK
999 _c3245
_d3245